South Eastern Kenya University

Library Online Public Access Catalogue


A history of mathematics / (Record no. 8995)

MARC details
000 -LEADER
fixed length control field 00604pam a2200193 a 4500
020 ## - ISBN
International Standard Book Number 0471097632
050 00 - LIBRARY OF CONGRESS CALL NUMBER
Classification Number QA 21
Item Number .B7 1989
100 1# - MAIN ENTRY--Author
Personal name Boyer, Carl B.
Dates associated with a name 1906-1976.
245 12 - TITLE
Title A history of mathematics /
Statement of responsibility, etc Carl B. Boyer.
250 ## - EDITIONSTATEMENT
Edition statement 2nd ed. /
Remainder of edition statement revised by Uta C. Merzbach.
260 ## - PUBLICATION, DISTRIBUTION, ETC.(IMPRINT)
Place of publication, distribution, etc New York :
Name of publisher, distributor, etc Wiley,
Date of publication, distribution, etc c1989.
300 ## - PHYSICAL DESCRIPTION
Extent xviii, 762 p. :
500 ## - GENERALNOTE
General note Includes index.
650 #0 - SUBJECT--TOPIC
General subdivision History.
700 1# - ADDED ENTRY--PERSONAL AUTHOR
Personal Name Merzbach, Uta C.,
856 42 - URL/ELECTRONIC LOCATION AND ACCESS
Uniform Resource Identifier <a href="http://www.loc.gov/catdir/description/wiley032/89005325.html">http://www.loc.gov/catdir/description/wiley032/89005325.html</a>
856 4# - URL/ELECTRONIC LOCATION AND ACCESS
Uniform Resource Identifier <a href="http://www.loc.gov/catdir/toc/onix02/89005325.html">http://www.loc.gov/catdir/toc/onix02/89005325.html</a>
942 ## - ADDED ENTRY ELEMENTS(KOHA)
Source of classification or shelving scheme Library of Congress Classification
Koha item type General circulation
Holdings
Source of classification or shelving scheme Not for loan Location (home branch) Sublocation (holding branch) Shelving location Date accessioned Full call number Barcode Nonpublic note Koha item type
Library of Congress Classification   Mtito Andei Centre Library Mtito Andei Centre Library   17/09/2015 QA 21 .B7 1989 2015/007687 jm General circulation
Kitui, Kenya.
+254736116989
library@seku.ac.ke